| 000 | 01012pam a2200265 a 4500 | ||
|---|---|---|---|
| 001 | 4415946 | ||
| 003 | ARRUPE | ||
| 005 | 20130913123739.0 | ||
| 008 | 930818s1993 mau b 000 0 eng | ||
| 010 | _a 93032153 | ||
| 020 |
_a0819847690 (pbk.) : _c$4.95 |
||
| 040 |
_aDLC _cDLC _dDLC |
||
| 050 | 0 | 0 |
_aBV4910.9 _b.K35 1993 |
| 082 | 0 | 0 |
_a259/.4 _220 |
| 100 | 1 |
_aKalina, Kathy. _9132 |
|
| 245 | 1 | 0 |
_aMidwife for souls : _bspiritual care for the dying : a guide for hospice care workers and all who live with the terminally ill / _cby Kathy Kalina. |
| 260 |
_aBoston : _bSt. Paul Books, _cc1993. |
||
| 300 |
_a111 p. ; _c20 cm. |
||
| 650 | 0 |
_aCaregivers _xReligious life. _9133 |
|
| 650 | 0 |
_aHospice care _xReligious aspects _xChristianity. _9134 |
|
| 650 | 0 |
_aTerminal care _xReligious aspects _xChristianity. _9135 |
|
| 906 |
_a7 _bcbc _corignew _d1 _eocip _f19 _gy-gencatlg |
||
| 942 |
_2lcc _cMONOGRAPH |
||
| 999 |
_c117780 _d117780 |
||